00546nam a2200145 a 450000100100000000500170001000800410002704000250006810000320009324500460012526000650017130000360023695201110027299900170038300003974920201002033719.0130718s1968 pr ac 000 0 spa d aDO-SdBNPbspacBNPHU1 aCruz Monclova, Lidio93980713aEl grito de lares /cLidio Cruz Monclova. aPuerto Rico :bInstituto de Cultura Puertorriqueña,c1968. a40 p. :bils., retrs. ;c23 cm. 001054708MOaGRbGRcCTd2013-07-18iLF1l0o p39749-10r2020-06-25w2020-06-25y4ZPréstamo en sala c39239d39239